Welcome to CU Library Online Public Access Catalogue (OPAC)

Managing Across Cultures: (Record no. 4281)

MARC details
000 -LEADER
fixed length control field 00575nam a22001937a 4500
005 - DATE AND TIME OF LATEST TRANSACTION
control field 20250225084404.0
008 - FIXED-LENGTH DATA ELEMENTS--GENERAL INFORMATION
fixed length control field 250225b |||||||| |||| 00| 0 eng d
020 ## - INTERNATIONAL STANDARD BOOK NUMBER
International Standard Book Number 9781861529732
050 ## - LIBRARY OF CONGRESS CALL NUMBER
Classification number HD62.4 WAR
245 ## - TITLE STATEMENT
Title Managing Across Cultures:
Remainder of title Issues and Perspectives/
Statement of responsibility, etc. Edited by Malcolm Warner and Pat Joynt
250 ## - EDITION STATEMENT
Edition statement 2nd Ed.
260 ## - PUBLICATION, DISTRIBUTION, ETC.
Place of publication, distribution, etc. Australia
Name of publisher, distributor, etc. Thomson Learning
Date of publication, distribution, etc. 2002
300 ## - PHYSICAL DESCRIPTION
Extent xii. 284p.
Other physical details ill.
Dimensions 15 cm
500 ## - GENERAL NOTE
General note Includes Index
650 ## - SUBJECT ADDED ENTRY--TOPICAL TERM
Source of heading or term Cultures
700 ## - ADDED ENTRY--PERSONAL NAME
Personal name Warner Malcolm (ed.)
700 ## - ADDED ENTRY--PERSONAL NAME
Personal name Joynt Pat (ed.)
942 ## - ADDED ENTRY ELEMENTS (KOHA)
Source of classification or shelving scheme Library of Congress Classification
Koha item type Books
Edition 2nd Ed.
Suppress in OPAC No
999 ## -
-- 4281
-- 4281
Holdings
Withdrawn status Lost status Source of classification or shelving scheme Damaged status Not for loan Collection Home library Current library Shelving location Date acquired Total checkouts Full call number Barcode Date last seen Copy number Price effective from Koha item type
    Library of Congress Classification     Non-fiction Business Library (Miotso) Business Library (Miotso) General stacks 02/25/2025   HD62.4 WAR BSSM00000956 02/25/2025 1 02/25/2025 Books
© 2023-2024 Copyright: Central University Libraries. All Rights Reserved | Created by: Mahone Tech Office